[Event "Nottinghamshire Centenary"]
[Site "Nottingham"]
[Date "2023.11.01"]
[Round "6"]
[White "Khandelwal, Ankush"]
[Black "Krzywda, Andrzej"]
[Result "1/2-1/2"]
[WhiteElo "2309"]
[BlackElo "2210"]
[PlyCount "90"]
[EventDate "2023.10.30"]
[EventType "tourn"]
[EventRounds "9"]
[EventCountry "ENG"]
[EventCategory "6"]
[SourceTitle "CBM 217 Extra"]
[Source "ChessBase"]
[SourceDate "2024.01.31"]
[SourceVersion "1"]
[SourceVersionDate "2024.01.31"]
[SourceQuality "1"]

1. e4 e5 2. Nf3 Nf6 3. Nxe5 d6 4. Nf3 Nxe4 5. Nc3 Nxc3 6. dxc3 Be7 7. Bf4 0-0 8. Qd2 Nd7 9. 0-0-0 Nc5 10. h4 Re8 11. Ng5 Bf6 12. Bc4 Be6 13. Nxe6 Nxe6 14. Be3 Qe7 15. g4 g6 16. g5 Bg7 17. h5 Rad8 18. hxg6 hxg6 19. Bxe6 Qxe6 20. Kb1 Qf5 21. Bd4 c5 22. Bxg7 Kxg7 23. f4 Rh8 24. b4 b6 25. Rxh8 Rxh8 26. Qxd6 Rh4 27. bxc5 bxc5 28. Rd5 Qxf4 29. Qxf4 Rxf4 30. Rxc5 Kf8 31. Ra5 f6 32. gxf6 Rxf6 33. Rxa7 g5 34. Ra5 Rg6 35. Rf5+ Ke7 36. Kc1 Ke6 37. Rf1 Kd5 38. Kd2 g4 39. Kd3 g3 40. Rg1 g2 41. a4 Rg3+ 42. Kd2 Ke4 43. Ke2 Rxc3 44. Rxg2 Rxc2+ 45. Kf1 Rxg2 1/2-1/2

[Event "Nottinghamshire Centenary"]
[Site "Nottingham"]
[Date "2023.10.31"]
[Round "3"]
[White "Khandelwal, Ankush"]
[Black "Willow, Jonah B"]
[Result "0-1"]
[WhiteElo "2309"]
[BlackElo "2425"]
[PlyCount "68"]
[EventDate "2023.10.30"]
[EventType "tourn"]
[EventRounds "9"]
[EventCountry "ENG"]
[EventCategory "6"]
[SourceTitle "CBM 217 Extra"]
[Source "ChessBase"]
[SourceDate "2024.01.31"]
[SourceVersion "1"]
[SourceVersionDate "2024.01.31"]
[SourceQuality "1"]

1. e4 e5 2. Nf3 Nc6 3. Bb5 a6 4. Ba4 Nf6 5. 0-0 d6 6. Re1 Bd7 7. c3 g6 8. d4 Bg7 9. Bc2 0-0 10. a4 exd4 11. Nxd4 Re8 12. Bg5 Qb8 13. Qf3 Ne5 14. Qf4 Nh5 15. Qc1 c5 16. Ne2 Bc6 17. Ng3 Nxg3 18. hxg3 b5 19. Nd2 Qb7 20. Nf3 Nc4 21. axb5 axb5 22. Rxa8 Rxa8 23. Qf4 b4 24. cxb4 Qxb4 25. b3 Ne5 26. Rd1 c4 27. bxc4 Qxc4 28. Nd4 Ba4 29. Qd2 Ng4 30. Bxa4 Rxa4 31. Nf3 h6 32. Bf4 Ra2 33. Qc1 Rc2 34. Qa3 Qe2 0-1

[Event "Nottinghamshire Centenary"]
[Site "Nottingham"]
[Date "2023.10.30"]
[Round "1"]
[White "Khandelwal, Ankush"]
[Black "Beerdsen, Thomas"]
[Result "1/2-1/2"]
[WhiteElo "2309"]
[BlackElo "2496"]
[PlyCount "119"]
[EventDate "2023.10.30"]
[EventType "tourn"]
[EventRounds "9"]
[EventCountry "ENG"]
[EventCategory "6"]
[SourceTitle "CBM 217 Extra"]
[Source "ChessBase"]
[SourceDate "2024.01.31"]
[SourceVersion "1"]
[SourceVersionDate "2024.01.31"]
[SourceQuality "1"]

1. e4 c5 2. Nf3 e6 3. d4 cxd4 4. Nxd4 Nc6 5. Nc3 Qc7 6. Ncb5 Qb8 7. Bd3 Nf6 8. 0-0 Be7 9. Qe2 0-0 10. c4 a6 11. Nxc6 dxc6 12. Nd4 e5 13. Nf5 Bxf5 14. exf5 e4 15. Bxe4 Re8 16. Qf3 Bd6 17. Bc2 Bxh2+ 18. Kh1 Be5 19. g4 h6 20. Rg1 Nh7 21. f6 Bxf6 22. Bxh6 g6 23. Rad1 Qc7 24. b3 Bg5 25. Bxg5 Nxg5 26. Qf6 Nh7 27. Qf3 Re6 28. Kg2 Ng5 29. Qg3 Qxg3+ 30. Kxg3 Re2 31. Bb1 Rae8 32. Rd7 Re1 33. Rxe1 Rxe1 34. Bc2 Re2 35. Bd3 Rxa2 36. Rxb7 Ne6 37. Be4 Nd4 38. Rd7 Nxb3 39. Bxc6 Nc5 40. Ra7 Ne6 41. Bd5 Ra3+ 42. f3 g5 43. Bxe6 fxe6 44. c5 Rc3 45. Rxa6 Rxc5 46. Rxe6 Kf7 47. Ra6 Rc2 48. Ra1 Kf6 49. Rh1 Ra2 50. Rh6+ Kg7 51. Rh2 Ra1 52. Rd2 Kf6 53. Rd6+ Ke7 54. Rd5 Kf6 55. Kf2 Ra3 56. Ke2 Rb3 57. Rd3 Rb8 58. Rd6+ Kf7 59. Ke3 Re8+ 60. Kf2 1/2-1/2

[Event "Nottinghamshire Centenary"]
[Site "Nottingham"]
[Date "2023.10.30"]
[Round "2"]
[White "Wadsworth, Matthew J"]
[Black "Khandelwal, Ankush"]
[Result "1-0"]
[WhiteElo "2446"]
[BlackElo "2309"]
[PlyCount "67"]
[EventDate "2023.10.30"]
[EventType "tourn"]
[EventRounds "9"]
[EventCountry "ENG"]
[EventCategory "6"]
[SourceTitle "CBM 217 Extra"]
[Source "ChessBase"]
[SourceDate "2024.01.31"]
[SourceVersion "1"]
[SourceVersionDate "2024.01.31"]
[SourceQuality "1"]

1. d4 Nf6 2. c4 g6 3. Nc3 Bg7 4. e4 d6 5. Nge2 0-0 6. Ng3 h5 7. Be2 h4 8. Nf1 Nh7 9. h3 Nc6 10. d5 Nd4 11. Be3 Nxe2 12. Qxe2 c5 13. Nd2 e6 14. 0-0 f5 15. Nf3 fxe4 16. Nh2 exd5 17. Nxd5 Ng5 18. Qd2 Nf7 19. Rae1 Bf5 20. f3 exf3 21. Nxf3 Re8 22. Bf2 Ne5 23. Nxh4 Nxc4 24. Qf4 Rxe1 25. Rxe1 Ne5 26. Nxf5 gxf5 27. Qxf5 Qf8 28. Qe6+ Kh7 29. Re4 Bh6 30. Rh4 Qg7 31. Nf6+ Kh8 32. Ng4 Nxg4 33. hxg4 Kh7 34. Be3 1-0

[Event "Titled Tuesday intern op 26th Sep Late"]
[Site "Chess.com INT"]
[Date "2023.09.26"]
[Round "1"]
[White "Prohorov, Olexandr"]
[Black "Khandelwal, Ankush"]
[Result "0-1"]
[WhiteElo "2086"]
[BlackElo "2277"]
[PlyCount "128"]
[EventDate "2023.09.26"]
[EventType "swiss (blitz)"]
[EventRounds "11"]
[EventCountry "USA"]
[SourceTitle "EXT 2024"]
[Source "ChessBase"]
[SourceDate "2023.10.10"]
[SourceVersion "1"]
[SourceVersionDate "2023.10.10"]
[SourceQuality "1"]

1. e4 c5 2. c3 Nf6 3. e5 Nd5 4. g3 d6 5. exd6 e6 6. Bg2 Bxd6 7. Nf3 0-0 8. 0-0 Nc6 9. d4 cxd4 10. Nxd4 Nxd4 11. Qxd4 Nf6 12. Rd1 Be7 13. Qxd8 Rxd8 14. Rxd8+ Bxd8 15. Na3 Nd5 16. c4 Nb4 17. Bd2 Nc6 18. Rd1 Bf6 19. b3 Bd7 20. Be3 Be8 21. Nb5 Be7 22. Nc7 Rc8 23. Nxe8 Rxe8 24. Rd7 Nb4 25. Rxb7 Nxa2 26. Rxa7 Nc3 27. Bd2 Ne2+ 28. Kf1 Nd4 29. Rb7 Bf6 30. c5 Kf8 31. c6 Rc8 32. c7 Be5 33. Ba5 Ke7 34. f4 Bd6 35. b4 Kd7 36. b5 Nb3 37. Bb6 Bxc7 38. Bc6+ Kd8 39. Bxc7+ Rxc7 40. Rb8+ Ke7 41. Re8+ Kf6 42. Kf2 Na5 43. Bf3 Rc2+ 44. Ke3 Rb2 45. Be2 g6 46. h4 h5 47. Rb8 Nb3 48. b6 Nc5 49. Bf3 Nd7 50. Rb7 Nxb6 51. Kd4 Rb4+ 52. Kc5 Rb3 53. Bc6 Na4+ 54. Kd6 Rxb7 55. Bxb7 Nc3 56. Bf3 Kf5 57. Ke7 f6 58. Kf7 e5 59. fxe5 fxe5 60. Kg7 e4 61. Bg2 e3 62. Bf1 e2 63. Bxe2 Nxe2 64. Kh6 Nxg3 0-1

[Event "Titled Tuesday intern op 26th Sep Late"]
[Site "Chess.com INT"]
[Date "2023.09.26"]
[Round "5"]
[White "Roienko, Artur"]
[Black "Khandelwal, Ankush"]
[Result "0-1"]
[WhiteElo "2162"]
[BlackElo "2277"]
[PlyCount "88"]
[EventDate "2023.09.26"]
[EventType "swiss (blitz)"]
[EventRounds "11"]
[EventCountry "USA"]
[SourceTitle "EXT 2024"]
[Source "ChessBase"]
[SourceDate "2023.10.10"]
[SourceVersion "1"]
[SourceVersionDate "2023.10.10"]
[SourceQuality "1"]

1. e4 c5 2. c3 Nf6 3. e5 Nd5 4. Bc4 Nb6 5. Bb3 c4 6. Bc2 d6 7. exd6 Qxd6 8. Nf3 Nc6 9. 0-0 Bg4 10. b3 e6 11. bxc4 Nxc4 12. d4 Be7 13. Bd3 Nb6 14. Ba3 Qc7 15. Bxe7 Qxe7 16. Nbd2 0-0 17. Qe2 Rfe8 18. Rfe1 Rad8 19. a4 Nd5 20. Ne4 Nf4 21. Qe3 Nxd3 22. Qxd3 e5 23. Neg5 g6 24. Qe4 f5 25. Qc2 h6 26. h3 Bh5 27. g4 fxg4 28. hxg4 Bxg4 29. Qxg6+ Qg7 30. Qxg7+ Kxg7 31. Re4 Bf5 32. Nh4 Bxe4 33. Nxe4 exd4 34. f3 dxc3 35. Rc1 Nd4 36. Kf2 Rc8 37. Rxc3 Rxc3 38. Nxc3 Rc8 39. Nd5 Rc4 40. a5 Ra4 41. Ng2 Rxa5 42. Nde3 Ra2+ 43. Kg3 Kf6 44. Nf4 Nf5+ 0-1

[Event "Titled Tuesday intern op 19th Sep Early"]
[Site "Chess.com INT"]
[Date "2023.09.19"]
[Round "9"]
[White "Khandelwal, Ankush"]
[Black "Andreikin, Dmitry"]
[Result "0-1"]
[WhiteElo "2277"]
[BlackElo "2729"]
[PlyCount "60"]
[EventDate "2023.09.19"]
[EventType "swiss (blitz)"]
[EventRounds "11"]
[EventCountry "USA"]
[SourceTitle "EXT 2024"]
[Source "ChessBase"]
[SourceDate "2023.10.10"]
[SourceVersion "1"]
[SourceVersionDate "2023.10.10"]
[SourceQuality "1"]

1. e4 e5 2. Nf3 Nc6 3. Bc4 Bc5 4. c3 Nf6 5. d4 exd4 6. e5 d5 7. Bb5 Ne4 8. cxd4 Bb6 9. Nc3 0-0 10. Be3 Ne7 11. Bd3 Nxc3 12. bxc3 Bf5 13. 0-0 Qd7 14. Nh4 Bxd3 15. Qxd3 Qg4 16. g3 f6 17. f4 c6 18. a4 Ba5 19. Rab1 b6 20. Kg2 Rae8 21. Rf2 fxe5 22. fxe5 Rxf2+ 23. Bxf2 Rf8 24. Be3 g5 25. h3 Qh5 26. Bxg5 Qxg5 27. Rf1 Rxf1 28. Kxf1 Qc1+ 29. Kg2 Qb2+ 30. Kh1 Qxc3 0-1

[Event "Titled Tuesday intern op 19th Sep Early"]
[Site "Chess.com INT"]
[Date "2023.09.19"]
[Round "6"]
[White "Khandelwal, Ankush"]
[Black "Molina, Roberto Junio Brito"]
[Result "1-0"]
[WhiteElo "2277"]
[BlackElo "2381"]
[PlyCount "105"]
[EventDate "2023.09.19"]
[EventType "swiss (blitz)"]
[EventRounds "11"]
[EventCountry "USA"]
[SourceTitle "EXT 2024"]
[Source "ChessBase"]
[SourceDate "2023.10.10"]
[SourceVersion "1"]
[SourceVersionDate "2023.10.10"]
[SourceQuality "1"]

1. e4 c6 2. d4 d5 3. e5 Bf5 4. Nf3 e6 5. Be2 Nd7 6. 0-0 Bg6 7. Nbd2 Nh6 8. Nb3 Nf5 9. Bd2 Be7 10. g4 Nh4 11. Nxh4 Bxh4 12. f4 f5 13. exf6 Bxf6 14. g5 Be7 15. Bg4 Bf5 16. Re1 0-0 17. Rxe6 Bxe6 18. Bxe6+ Kh8 19. Qh5 g6 20. Qh3 Nb6 21. Re1 Bd6 22. f5 gxf5 23. Bxf5 Qc7 24. Nc5 Rf7 25. Ne6 Qb8 26. g6 Qg8 27. Bh6 Bf8 28. Bxf8 Raxf8 29. Kh1 Re7 30. Rg1 Rxe6 31. g7+ Qxg7 32. Rxg7 Re1+ 33. Kg2 Kxg7 34. Qg3+ Kh8 35. Qxe1 Rxf5 36. Qe8+ Kg7 37. Qb8 Rf7 38. Qxa7 Nc4 39. b3 Ne3+ 40. Kg3 Nxc2 41. Qc5 Ne3 42. a4 Nf5+ 43. Kg2 Rd7 44. a5 Ne7 45. b4 Kf6 46. b5 cxb5 47. Qxb5 Ke6 48. Qb6+ Kf7 49. Qh6 Kg8 50. Qg5+ Ng6 51. h4 Kf8 52. h5 Nh8 53. Qf5+ 1-0

[Event "Titled Tuesday intern op 19th Sep Early"]
[Site "Chess.com INT"]
[Date "2023.09.19"]
[Round "2"]
[White "Papasimakopoulos, Alexandros"]
[Black "Khandelwal, Ankush"]
[Result "0-1"]
[WhiteElo "2409"]
[BlackElo "2277"]
[PlyCount "68"]
[EventDate "2023.09.19"]
[EventType "swiss (blitz)"]
[EventRounds "11"]
[EventCountry "USA"]
[SourceTitle "EXT 2024"]
[Source "ChessBase"]
[SourceDate "2023.10.10"]
[SourceVersion "1"]
[SourceVersionDate "2023.10.10"]
[SourceQuality "1"]

1. d4 Nf6 2. c4 e6 3. Nc3 Bb4 4. Qb3 c5 5. dxc5 Nc6 6. Nf3 Ne4 7. Bd2 Nxd2 8. Nxd2 Bxc5 9. e3 0-0 10. Be2 b6 11. 0-0 Bb7 12. Bf3 f5 13. a3 g5 14. g3 g4 15. Bg2 h5 16. Qc2 a5 17. Nb3 Be7 18. Nb5 h4 19. Rfd1 h3 20. Bh1 Qc8 21. Nd6 Bxd6 22. Rxd6 Ne5 23. Rxb6 Bxh1 24. Kxh1 Nxc4 25. Rb5 Qc6+ 26. e4 Qxb5 27. exf5 Qd5+ 28. f3 Qxf3+ 29. Kg1 Ne3 30. Qf2 Rxf5 31. Qxf3 Rxf3 32. Nd4 Rf6 33. Re1 Raf8 34. Rxe3 Rf1# 0-1

[Event "Titled Tuesday intern op 19th Sep Early"]
[Site "Chess.com INT"]
[Date "2023.09.19"]
[Round "11"]
[White "Yuan, Qingyu"]
[Black "Khandelwal, Ankush"]
[Result "1-0"]
[WhiteElo "2380"]
[BlackElo "2277"]
[PlyCount "133"]
[EventDate "2023.09.19"]
[EventType "swiss (blitz)"]
[EventRounds "11"]
[EventCountry "USA"]
[SourceTitle "EXT 2024"]
[Source "ChessBase"]
[SourceDate "2023.10.10"]
[SourceVersion "1"]
[SourceVersionDate "2023.10.10"]
[SourceQuality "1"]

1. e4 c5 2. Nf3 d6 3. Bb5+ Bd7 4. Bxd7+ Qxd7 5. c4 Nc6 6. Nc3 g6 7. d4 cxd4 8. Nxd4 Bg7 9. Be3 Nf6 10. f3 0-0 11. 0-0 a6 12. Qd3 Ne5 13. Qe2 Rac8 14. b3 b5 15. Nd5 Nxd5 16. cxd5 e6 17. dxe6 fxe6 18. Rac1 d5 19. Bf2 Nc6 20. Nxc6 Rxc6 21. Rcd1 Rfc8 22. exd5 exd5 23. Qd3 d4 24. Rd2 Rd6 25. Rfd1 Rc3 26. Qxc3 dxc3 27. Rxd6 Qc7 28. Rd8+ Bf8 29. Bg3 Qb6+ 30. Bf2 Qc6 31. Rc1 Kf7 32. h3 Bc5 33. Bxc5 Qxc5+ 34. Kh1 Qg5 35. Rdd1 b4 36. Rc2 h5 37. Re1 a5 38. Re4 Qd5 39. Ree2 Qd3 40. Kh2 Kf6 41. Kh1 Kf5 42. Kh2 Kg5 43. Re5+ Kf6 44. Ree2 Qd6+ 45. Kg1 Qd4+ 46. Kh1 Qf4 47. Re4 Qg3 48. Ree2 g5 49. a3 g4 50. fxg4 hxg4 51. hxg4 Qxg4 52. axb4 axb4 53. Rf2+ Kg5 54. Rf3 Qh5+ 55. Kg1 Qe8 56. Rcf2 Qe1+ 57. Kh2 Qe5+ 58. Kg1 Qe6 59. Rg3+ Kh4 60. Rh3+ Kg4 61. Rhf3 Qxb3 62. Kh2 Kh5 63. Rh3+ Kg6 64. Rg3+ Kh7 65. Rf4 Qe6 66. Rh4+ Qh6 67. Rgh3 1-0

[Event "Titled Tuesday intern op 15th Aug Late"]
[Site "Chess.com INT"]
[Date "2023.08.15"]
[Round "1"]
[White "Khandelwal, Ankush"]
[Black "Guzman Lozano, Campo Elias"]
[Result "1-0"]
[WhiteElo "2294"]
[BlackElo "1924"]
[PlyCount "61"]
[EventDate "2023.08.15"]
[EventType "swiss (blitz)"]
[EventRounds "11"]
[EventCountry "USA"]
[SourceTitle "EXT 2024"]
[Source "ChessBase"]
[SourceDate "2023.10.10"]
[SourceVersion "1"]
[SourceVersionDate "2023.10.10"]
[SourceQuality "1"]

1. e4 c5 2. Nf3 Nc6 3. Bb5 e5 4. 0-0 Qc7 5. c3 Nf6 6. d4 cxd4 7. cxd4 exd4 8. e5 Ne4 9. Re1 Nc5 10. Nxd4 Nxd4 11. Qxd4 Ne6 12. Qg4 Qa5 13. Nc3 Be7 14. Bc4 0-0 15. Bh6 g6 16. Bxf8 Bxf8 17. Nd5 Bg7 18. Rad1 b5 19. Ne7+ Kf8 20. Bxe6 dxe6 21. Nc6 Qc7 22. Rd8+ Qxd8 23. Nxd8 Bd7 24. Qb4+ Ke8 25. Nb7 a5 26. Nd6+ Kf8 27. Qc5 Kg8 28. Qc7 Be8 29. Nxe8 Rxe8 30. Rd1 a4 31. Rd8 1-0

[Event "Titled Tuesday intern op 08th Aug Early"]
[Site "Chess.com INT"]
[Date "2023.08.08"]
[Round "3"]
[White "Vaz, Ethan"]
[Black "Khandelwal, Ankush"]
[Result "0-1"]
[WhiteElo "2306"]
[BlackElo "2294"]
[PlyCount "144"]
[EventDate "2023.08.08"]
[EventType "swiss (blitz)"]
[EventRounds "11"]
[EventCountry "USA"]
[SourceTitle "EXT 2024"]
[Source "ChessBase"]
[SourceDate "2023.10.10"]
[SourceVersion "1"]
[SourceVersionDate "2023.10.10"]
[SourceQuality "1"]

1. e4 c5 2. c3 Nf6 3. e5 Nd5 4. Nf3 Nc6 5. d4 cxd4 6. cxd4 d6 7. Bc4 Nb6 8. Bb5 dxe5 9. Nxe5 Bd7 10. Nxd7 Qxd7 11. Nc3 e6 12. 0-0 Be7 13. Qg4 0-0 14. Rd1 Rfd8 15. Bh6 g6 16. Rac1 Rac8 17. h4 a6 18. Bxc6 Rxc6 19. h5 Nd5 20. hxg6 hxg6 21. Rd3 Rdc8 22. Rh3 Nxc3 23. bxc3 Qd5 24. Bf4 Bf6 25. Kh2 e5 26. Bg5 exd4 27. Bxf6 Qd6+ 28. Kg1 Qxf6 29. c4 Rxc4 30. Qxc8+ Rxc8 31. Rxc8+ Kg7 32. Rch8 Qe6 33. R8h7+ Kf8 34. a3 Ke7 35. Rd3 Qe1+ 36. Kh2 Qxf2 37. Rf3 Qa2 38. Kg3 Qe6 39. Kf2 Qa2+ 40. Kg3 Qd5 41. Kf2 g5 42. Rh5 d3 43. Re3+ Kf8 44. Ke1 d2+ 45. Kd1 Qxg2 46. Rh8+ Kg7 47. Rhe8 g4 48. Re2 Qf3 49. R8e3 Qf4 50. Kxd2 f5 51. Ke1 Kg6 52. Re8 Qc1+ 53. Kf2 Qc5+ 54. Kg3 Qxa3+ 55. Kg2 Qf3+ 56. Kg1 a5 57. Rg8+ Kf7 58. Rge8 a4 59. R2e7+ Kf6 60. Re3 Qf4 61. R3e6+ Kg5 62. Re3 a3 63. Rxa3 Qc1+ 64. Kg2 Qxa3 65. Rg8+ Kf4 66. Rc8 Qf3+ 67. Kg1 Qe3+ 68. Kg2 Qe4+ 69. Kg1 Qe3+ 70. Kh1 Qe2 71. Rd8 Kg3 72. Rd1 Qxd1# 0-1

[Event "GBR-ch 109th"]
[Site "Leicester"]
[Date "2023.07.28"]
[Round "7"]
[White "Volovich, Julia"]
[Black "Khandelwal, Ankush"]
[Result "0-1"]
[WhiteElo "1811"]
[BlackElo "2276"]
[PlyCount "50"]
[EventDate "2023.07.22"]
[EventType "swiss"]
[EventRounds "9"]
[EventCountry "ENG"]
[SourceTitle "CBM 215 Extra"]
[Source "ChessBase"]
[SourceDate "2023.09.30"]
[SourceVersion "1"]
[SourceVersionDate "2023.09.30"]
[SourceQuality "1"]

1. d4 f5 2. Nf3 Nf6 3. g3 g6 4. Bg2 Bg7 5. 0-0 0-0 6. c4 d6 7. d5 Nbd7 8. Nc3 Ne5 9. Nxe5 dxe5 10. e4 f4 11. Bf3 g5 12. gxf4 gxf4 13. Kh1 Kh8 14. Rg1 Rg8 15. Bd2 Bh3 16. Qe2 Qd7 17. Bh5 Raf8 18. Qf3 a6 19. a4 Bh6 20. Ne2 Nxh5 21. Qxh5 Bg4 22. Qxh6 Bf3+ 23. Rg2 Rxg2 24. Ng1 Rxg1+ 25. Kxg1 Qg4+ 0-1

[Event "GBR-ch 109th"]
[Site "Leicester"]
[Date "2023.07.27"]
[Round "6"]
[White "Smith, Olivia"]
[Black "Khandelwal, Ankush"]
[Result "1-0"]
[WhiteElo "2042"]
[BlackElo "2276"]
[PlyCount "83"]
[EventDate "2023.07.22"]
[EventType "swiss"]
[EventRounds "9"]
[EventCountry "ENG"]
[SourceTitle "CBM 215 Extra"]
[Source "ChessBase"]
[SourceDate "2023.09.30"]
[SourceVersion "1"]
[SourceVersionDate "2023.09.30"]
[SourceQuality "1"]

1. e4 c5 2. Nf3 d6 3. Bb5+ Nd7 4. Ba4 Ngf6 5. 0-0 e6 6. d3 a6 7. c4 Be7 8. Nc3 0-0 9. h3 Qc7 10. Qe2 b6 11. Nh2 Ne5 12. f4 Nc6 13. Bxc6 Qxc6 14. a4 Bb7 15. f5 Rae8 16. Bg5 Kh8 17. Rf2 h6 18. Bd2 Bc8 19. g4 Bd8 20. fxe6 fxe6 21. Raf1 Nh7 22. Nf3 Qc7 23. e5 Bb7 24. Ne4 dxe5 25. Bc3 Kg8 26. Bxe5 Qc6 27. Bd6 Be7 28. Ne5 Qc8 29. Ng6 Bxd6 30. Nxd6 Rxf2 31. Qxf2 Qd7 32. Ne5 Ng5 33. Nxd7 Nxh3+ 34. Kh2 Nxf2 35. Nxe8 Nxg4+ 36. Kg3 Ne3 37. Rf8+ Kh7 38. Nd6 Bc6 39. Ne5 Bxa4 40. Kf3 Nc2 41. Ndf7 Nd4+ 42. Kf2 1-0

[Event "GBR-ch 109th"]
[Site "Leicester"]
[Date "2023.07.26"]
[Round "5"]
[White "Khandelwal, Ankush"]
[Black "Han, Yichen"]
[Result "0-1"]
[WhiteElo "2276"]
[BlackElo "2413"]
[PlyCount "88"]
[EventDate "2023.07.22"]
[EventType "swiss"]
[EventRounds "9"]
[EventCountry "ENG"]
[SourceTitle "CBM 215 Extra"]
[Source "ChessBase"]
[SourceDate "2023.09.30"]
[SourceVersion "1"]
[SourceVersionDate "2023.09.30"]
[SourceQuality "1"]

1. e4 e5 2. Nf3 Nc6 3. Bb5 a6 4. Ba4 Nf6 5. 0-0 Nxe4 6. Re1 Nc5 7. Bxc6 dxc6 8. Nxe5 Be7 9. d4 Ne6 10. Be3 0-0 11. Nc3 Bf6 12. Nf3 Re8 13. Ne4 Be7 14. c4 Nf8 15. Qb3 b6 16. Ne5 Bb7 17. Rad1 Ng6 18. Nxg6 hxg6 19. Bf4 Bc8 20. d5 c5 21. Qg3 Bh4 22. Qf3 Bf5 23. g3 Be7 24. Be5 Bd6 25. Bc3 Qd7 26. h4 Bxe4 27. Rxe4 Rxe4 28. Qxe4 Re8 29. Qf3 Qa4 30. h5 gxh5 31. Qxh5 Qxc4 32. Qg5 Bf8 33. a3 b5 34. Rc1 Qd3 35. Ba5 f6 36. Qh5 Re5 37. Qg4 Qxd5 38. Bxc7 Rh5 39. f3 c4 40. Bf4 Qd4+ 41. Kf1 Qd3+ 42. Ke1 Rh1+ 43. Kf2 Rh2+ 44. Kg1 Qe2 0-1

[Event "GBR-ch 109th"]
[Site "Leicester"]
[Date "2023.07.23"]
[Round "2"]
[White "Khandelwal, Ankush"]
[Black "Wadsworth, Matthew J"]
[Result "1/2-1/2"]
[WhiteElo "2276"]
[BlackElo "2431"]
[PlyCount "45"]
[EventDate "2023.07.22"]
[EventType "swiss"]
[EventRounds "9"]
[EventCountry "ENG"]
[SourceTitle "CBM 215 Extra"]
[Source "ChessBase"]
[SourceDate "2023.09.30"]
[SourceVersion "1"]
[SourceVersionDate "2023.09.30"]
[SourceQuality "1"]

1. e4 c6 2. d4 d5 3. e5 Bf5 4. h4 h5 5. Bd3 Bxd3 6. Qxd3 Qa5+ 7. Nd2 e6 8. Ngf3 Nh6 9. 0-0 Nf5 10. Nb3 Qb5 11. Qd1 c5 12. dxc5 Bxc5 13. a4 Qb6 14. Nxc5 Qxc5 15. c3 Nc6 16. Bg5 Rc8 17. Re1 Qb6 18. b3 Nce7 19. Bxe7 Nxe7 20. Nd4 a6 21. Qd2 Nc6 22. Nf3 Ne7 23. Nd4 1/2-1/2

[Event "Titled Tuesday intern op 11th Jul Late"]
[Site "Chess.com INT"]
[Date "2023.07.11"]
[Round "1"]
[White "Khandelwal, Ankush"]
[Black "Paravyan, David"]
[Result "0-1"]
[WhiteElo "2276"]
[BlackElo "2612"]
[PlyCount "86"]
[EventDate "2023.07.11"]
[EventType "swiss (blitz)"]
[EventRounds "11"]
[EventCountry "USA"]
[SourceTitle "EXT 2024"]
[Source "ChessBase"]
[SourceDate "2023.10.10"]
[SourceVersion "1"]
[SourceVersionDate "2023.10.10"]
[SourceQuality "1"]

1. e4 e5 2. Nf3 Nf6 3. d4 Nxe4 4. Bd3 d5 5. Nxe5 Nd7 6. Nxd7 Bxd7 7. 0-0 Bd6 8. Nc3 Nxc3 9. bxc3 0-0 10. Qh5 f5 11. Re1 Qf6 12. Qf3 c6 13. Bf4 Rae8 14. c4 dxc4 15. Bxc4+ Kh8 16. c3 h6 17. h3 Kh7 18. Qg3 Bxf4 19. Qxf4 Rxe1+ 20. Rxe1 Re8 21. Rxe8 Bxe8 22. Qc7 Qg5 23. Be6 Bg6 24. f4 Qg3 25. Qb8 Qe1+ 26. Kh2 Qxe6 27. Qxb7 a5 28. Qc7 a4 29. Qa5 Qxa2 30. h4 h5 31. Qa6 Qf2 32. Qxa4 Qxh4+ 33. Kg1 Qe1+ 34. Kh2 Qxc3 35. d5 cxd5 36. Qd7 Qf6 37. Qxd5 Qh4+ 38. Kg1 Qxf4 39. Kh1 Qg3 40. Qd1 h4 41. Qe2 h3 42. gxh3 Qxh3+ 43. Kg1 Qg4+ 0-1

[Event "Colonia de Sant Jordi op 2nd"]
[Site "Colonia de Sant Jordi"]
[Date "2023.06.18"]
[Round "9"]
[White "Gubanov, Oleg"]
[Black "Khandelwal, Ankush"]
[Result "1-0"]
[WhiteElo "2278"]
[BlackElo "2221"]
[PlyCount "113"]
[EventDate "2023.06.10"]
[EventType "swiss"]
[EventRounds "9"]
[EventCountry "ESP"]
[SourceTitle "CBM 214 Extra"]
[Source "ChessBase"]
[SourceDate "2023.07.31"]
[SourceVersion "1"]
[SourceVersionDate "2023.07.31"]
[SourceQuality "1"]

1. d4 Nf6 2. c4 g6 3. Nc3 Bg7 4. e4 d6 5. h3 0-0 6. Be3 e5 7. d5 Na6 8. g4 Nc5 9. f3 a5 10. Qd2 c6 11. Nge2 cxd5 12. cxd5 Bd7 13. Ng3 h5 14. Bg5 Qe8 15. gxh5 Kh7 16. h4 Nxh5 17. Nxh5 gxh5 18. 0-0-0 f5 19. Bh3 fxe4 20. Bxd7 Qxd7 21. fxe4 Rf3 22. Qe2 Raf8 23. Kb1 Qf7 24. Be3 b6 25. Bxc5 bxc5 26. Qa6 Rf2 27. Rdg1 Bh6 28. Qxd6 c4 29. Qb6 Rd2 30. a3 Rd4 31. Rg2 Bd2 32. Nb5 Rd3 33. Nd6 Qf6 34. Qc7+ Kh8 35. Nxc4 Bc3 36. bxc3 Rxc3 37. Rhg1 a4 38. Rg6 Qf1+ 39. Rxf1 Rxf1+ 40. Kb2 Rb1+ 41. Kxc3 Rb3+ 42. Kd2 Rd3+ 43. Kc1 Rc3+ 44. Kd1 Rc1+ 45. Ke2 Rc2+ 46. Nd2 Rxd2+ 47. Kf3 Rd3+ 48. Kg2 Rd2+ 49. Kh3 Rh2+ 50. Kg3 Rg2+ 51. Kf3 Rf2+ 52. Ke3 Re2+ 53. Kd3 Rd2+ 54. Kc4 Rc2+ 55. Kb5 Rxc7 56. d6 Rc3 57. d7 1-0

[Event "Titled Tuesday intern op 13th Jun Early"]
[Site "Chess.com INT"]
[Date "2023.06.13"]
[Round "1"]
[White "Nihal, Sarin"]
[Black "Khandelwal, Ankush"]
[Result "1-0"]
[WhiteElo "2681"]
[BlackElo "2221"]
[PlyCount "83"]
[EventDate "2023.06.13"]
[EventType "swiss (blitz)"]
[EventRounds "11"]
[EventCountry "USA"]
[SourceTitle "EXT 2024"]
[Source "ChessBase"]
[SourceDate "2023.10.10"]
[SourceVersion "1"]
[SourceVersionDate "2023.10.10"]
[SourceQuality "1"]

1. e4 c5 2. Nf3 d6 3. Bb5+ Bd7 4. a4 Nc6 5. 0-0 Nf6 6. Nc3 g6 7. Ne2 Nxe4 8. d4 cxd4 9. Nexd4 Bg7 10. Re1 Nf6 11. Bg5 0-0 12. h3 Rc8 13. c3 a6 14. Bf1 Nxd4 15. Qxd4 Bc6 16. Qd1 Re8 17. Nd4 Bd7 18. Qb3 Qc7 19. a5 e5 20. Nf3 Be6 21. Qa4 Nd7 22. Be3 Nc5 23. Qh4 f6 24. c4 Nb3 25. Bb6 Qf7 26. Rad1 Rc6 27. Re3 Nc5 28. b4 Nd7 29. b5 Rcc8 30. bxa6 bxa6 31. Rxd6 Bf8 32. Rd1 Nxb6 33. axb6 Bxc4 34. b7 Rc7 35. Nxe5 fxe5 36. Rf3 Qe6 37. Rd8 Bxf1 38. b8Q Rc1 39. Rxf8+ Kxf8 40. Rxe8+ Qxe8 41. Qf6+ Kg8 42. Qxe8# 1-0